书目信息 |
| 题名: |
蒙古族古代军事史
|
|
| 作者: | 胡泊 主编 | |
| 分册: | ||
| 出版信息: | 沈阳 辽宁民族出版社 2004 |
|
| 页数: | 16,1373页 | |
| 开本: | 21cm | |
| 丛书名: | 中国蒙古学文库 | |
| 单 册: | ||
| 中图分类: | E291 | |
| 科图分类: | ||
| 主题词: | 蒙古族--军事史--中国--古代 , 军事史 | |
| 电子资源: | ||
| ISBN: | 7-80644-736-9 | |
| 000 | 00857oam2 2200277 45 | |
| 001 | 060000036558 | |
| 005 | 20051223113601.67 | |
| 010 | @a7-80644-736-9@b精装@dCNY95.00 | |
| 092 | @aCN | |
| 100 | @a20050714d2004 ekmy0chiy0120 ea | |
| 101 | 0 | @achi |
| 102 | @aCN@b110000 | |
| 105 | @ay z 000yy | |
| 200 | 1 | @a蒙古族古代军事史@9meng gu zu gu dai jun shi shi@f胡泊主编@Fhu bo zhu bian |
| 210 | @a沈阳@c辽宁民族出版社@d2004 | |
| 215 | @a16,1373页@c地图@d21cm | |
| 225 | 2 | @a中国蒙古学文库 |
| 330 | @a本书分七编。包括:成吉思汗时期的军事、窝阔台汗和贵阳汗时期的军事、元朝时期的军事、准噶尔汗国时期的军事等。 | |
| 461 | 0 | @12001 @a中国蒙古学文库 |
| 606 | 0 | @a蒙古族@x军事史@y中国@z古代 |
| 606 | 0 | @a军事史 |
| 690 | @aE291@v4 | |
| 701 | 0 | @a胡泊@Ahu bo@4主编 |
| 801 | 0 | @aCN@bCXYBOOK@c20051223 |
| 905 | @a10447@dE291@e50 | |
| 999 | @aYYW@eDF | |
| 蒙古族古代军事史/胡泊主编.-沈阳:辽宁民族出版社,2004 |
| 16,1373页:地图;21cm.-(中国蒙古学文库) |
| ISBN 7-80644-736-9(精装):CNY95.00 |
| 本书分七编。包括:成吉思汗时期的军事、窝阔台汗和贵阳汗时期的军事、元朝时期的军事、准噶尔汗国时期的军事等。 |
| ● |
| 相关链接 |
|
|
|
|
正题名:蒙古族古代军事史
索取号:E291/50
 
预约/预借
| 序号 | 登录号 | 条形码 | 馆藏地/架位号 | 状态 | 备注 |
| 1 | 0372455 | 203724559 | 第一样本阅览室/ [索取号:E291/50] | 在馆 |